00780nam a22002057a 4500003000900000005001700009008003700026020001500063040002200078082002900100245011300129246006100242260005600303300002400359500002700383534004400410650002900454700004400483700004700527DO-SdBNP20220610113826.01606271992 ck||||| |||| 00| 0 spa d a9580209340 aBPMSUbspacBPMSU aR796.03 bE56i 199222200aReglas de juego : benciclopedia ilustrada del deporte /ctraducción José María Gaitán ... [et al.].145Enciclopedia ilustrada del deporte :bMás 150 deportes aSanta Fe de Bogotá : bEditorial Voluntad, c1992 a2v. :bil. :c32 cm 3Más de 150 deportes. aTítulo original. tRules of the game. aDeportesvEnciclopedias.1 aGalitán, José María, etraductor 1 aGarcía de Tedeschi, Pilar, etraductor